[Event "Ricany op-A"]
[Site "Ricany"]
[Date "2019.08.25"]
[Round "3"]
[White "Vavrinec, Tomas"]
[Black "Stork, Rostislav"]
[Result "1-0"]
[WhiteElo "1994"]
[BlackElo "1724"]
[PlyCount "25"]
[EventDate "2019.08.24"]
[EventType "swiss"]
[EventRounds "9"]
[EventCountry "CZE"]
[SourceTitle "EXT 2020"]
[Source "ChessBase"]
[SourceDate "2019.10.17"]
[SourceVersion "1"]
[SourceVersionDate "2019.10.17"]
[SourceQuality "1"]

1. c4 d5 2. cxd5 Qxd5 3. Nc3 Qa5 4. d4 c6 5. e4 e6 6. Nf3 Ne7 7. Bc4 g6 8. 0-0 Bg7 9. Bg5 Qc7 10. Rc1 b6 11. d5 Ba6 12. Bxa6 Nxa6 13. d6 1-0

[Event "CZE-chT2D 1819"]
[Site "Czech Republic"]
[Date "2018.11.18"]
[Round "3.8"]
[White "Stork, Rostislav"]
[Black "Stolba, Milos"]
[Result "0-1"]
[WhiteElo "1770"]
[BlackElo "2037"]
[PlyCount "122"]
[EventDate "2018.10.14"]
[EventType "team-tourn"]
[EventRounds "11"]
[EventCountry "CZE"]
[SourceTitle "EXT 2022"]
[Source "ChessBase"]
[SourceDate "2021.10.06"]
[SourceVersion "1"]
[SourceVersionDate "2021.10.06"]
[SourceQuality "1"]
[WhiteTeam "Dalesice Pivovar"]
[BlackTeam "Kutna Hora"]
[WhiteTeamCountry "CZE"]
[BlackTeamCountry "CZE"]

1. e4 e5 2. Nf3 Nc6 3. Nc3 Bb4 4. a3 Bxc3 5. dxc3 Nf6 6. Bg5 h6 7. Bxf6 Qxf6 8. Bc4 d6 9. Qd3 Bg4 10. Nd2 Qg6 11. f3 Be6 12. g3 0-0-0 13. 0-0-0 Ne7 14. f4 exf4 15. gxf4 Bxc4 16. Qxc4 Nc6 17. Kb1 Qh5 18. Rdg1 g5 19. Qb5 a6 20. Qf5+ Kb8 21. Rg2 f6 22. h4 Rhf8 23. fxg5 fxg5 24. Qg4 Qxg4 25. Rxg4 Ne5 26. Rg2 g4 27. h5 Rf4 28. Kc1 Rdf8 29. Kd1 R8f6 30. Ke2 Nf3 31. Ke3 Nxd2 32. Rxd2 Rf3+ 33. Kd4 Rf2 34. Rxf2 Rxf2 35. Kd3 g3 36. Rg1 g2 37. c4 Kc8 38. b4 Kd7 39. a4 Ke6 40. a5 Ke5 41. b5 Rf3+ 42. Ke2 Rg3 43. Kf2 Rg5 44. Rxg2 Rxg2+ 45. Kxg2 Kxe4 46. Kg3 Kf5 47. Kf3 c6 48. bxa6 bxa6 49. c3 Kg5 50. Ke4 Kxh5 51. Kf5 Kh4 52. Ke6 Kg3 53. Kxd6 h5 54. Kxc6 h4 55. Kb6 h3 56. Kxa6 h2 57. Ka7 h1Q 58. a6 Qc6 59. c5 Qc7+ 60. Ka8 Kf4 61. a7 Qc8# 0-1

[Event "Trebic Highlands op 12th"]
[Site "Trebic"]
[Date "2018.09.28"]
[Round "7"]
[White "Stork, Rostislav"]
[Black "Glacner, Karel"]
[Result "1-0"]
[WhiteElo "1779"]
[BlackElo "1482"]
[PlyCount "59"]
[EventDate "2018.09.22"]
[EventType "swiss"]
[EventRounds "9"]
[EventCountry "CZE"]
[SourceTitle "CBM 186 Extra"]
[Source "ChessBase"]
[SourceDate "2018.08.24"]
[SourceVersion "1"]
[SourceVersionDate "2018.08.24"]
[SourceQuality "1"]

1. e4 e5 2. Nf3 f5 3. Nxe5 Qf6 4. d4 d6 5. Nc4 fxe4 6. Nc3 Qg6 7. Ne3 Nf6 8. Be2 Be7 9. 0-0 c6 10. f3 d5 11. fxe4 Bb4 12. e5 h5 13. exf6 gxf6 14. Bd3 Qg8 15. Rxf6 Be7 16. Rf2 Bg4 17. Be2 Bh4 18. g3 Nd7 19. Bxg4 0-0-0 20. Bxd7+ Rxd7 21. Nf5 Bxg3 22. hxg3 h4 23. Bf4 Rdh7 24. g4 Rh5 25. Ne7+ Kd7 26. Nxg8 Rxg8 27. Qf3 h3 28. Kh2 Rh4 29. Bg3 Rhxg4 30. Qf7+ 1-0

[Event "Trebic Highlands op 12th"]
[Site "Trebic"]
[Date "2018.09.26"]
[Round "5"]
[White "Stork, Rostislav"]
[Black "Habada, Jindrich"]
[Result "0-1"]
[WhiteElo "1779"]
[BlackElo "1761"]
[PlyCount "48"]
[EventDate "2018.09.22"]
[EventType "swiss"]
[EventRounds "9"]
[EventCountry "CZE"]
[SourceTitle "CBM 186 Extra"]
[Source "ChessBase"]
[SourceDate "2018.08.24"]
[SourceVersion "1"]
[SourceVersionDate "2018.08.24"]
[SourceQuality "1"]

1. e4 c5 2. Nf3 Nc6 3. d4 cxd4 4. Nxd4 g6 5. Be3 Bg7 6. Nc3 Nf6 7. f3 0-0 8. Bc4 Qb6 9. Bb3 Nxe4 10. Nf5 Nxc3 11. Qd3 Qa5 12. Nxg7 Ne4+ 13. c3 Nc5 14. Qc4 Nxb3 15. Qxb3 Qe5 16. Kf2 Qxg7 17. h4 h5 18. g4 hxg4 19. fxg4 d6 20. Rag1 Ne5 21. Qa4 Bd7 22. Qd1 Bc6 23. Rh3 Qf6+ 24. Kg3 Qf3+ 0-1

[Event "Ricany op-A"]
[Site "Ricany"]
[Date "2018.08.26"]
[Round "3"]
[White "Stork, Rostislav"]
[Black "Hejsek, Lukas"]
[Result "1/2-1/2"]
[WhiteElo "1779"]
[BlackElo "1774"]
[PlyCount "45"]
[EventDate "2018.08.25"]
[EventType "swiss"]
[EventRounds "9"]
[EventCountry "CZE"]
[SourceTitle "EXT 2019"]
[Source "ChessBase"]
[SourceDate "2018.10.10"]
[SourceVersion "1"]
[SourceVersionDate "2018.10.10"]
[SourceQuality "1"]

1. e4 c5 2. Nf3 g6 3. d3 Bg7 4. g3 Nc6 5. Bg2 e6 6. 0-0 Nge7 7. Re1 0-0 8. Nbd2 b5 9. h4 h5 10. c3 Rb8 11. e5 Nf5 12. Ne4 Nxe5 13. Nxc5 Nxf3+ 14. Qxf3 d6 15. Ne4 Qb6 16. d4 a5 17. Bg5 Bb7 18. Qd3 Bxe4 19. Bxe4 Rfe8 20. Qd2 d5 21. Bd3 b4 22. Rab1 Nd6 23. Bf4 1/2-1/2

[Event "CZE-chT2D 1718"]
[Site "Czech Republic"]
[Date "2018.04.08"]
[Round "11.8"]
[White "Stork, Rostislav"]
[Black "Nosek, Jan"]
[Result "1/2-1/2"]
[WhiteElo "1777"]
[BlackElo "1990"]
[PlyCount "71"]
[EventDate "2017.10.15"]
[EventType "team-tourn"]
[EventRounds "11"]
[EventCountry "CZE"]
[SourceTitle "EXT 2022"]
[Source "ChessBase"]
[SourceDate "2021.10.06"]
[SourceVersion "1"]
[SourceVersionDate "2021.10.06"]
[SourceQuality "1"]
[WhiteTeam "Dalesice Pivovar"]
[BlackTeam "Hradec Kralove II"]
[WhiteTeamCountry "CZE"]
[BlackTeamCountry "CZE"]

1. e4 c5 2. Nf3 d6 3. d3 Nc6 4. Nbd2 g6 5. g3 Bg7 6. Bg2 e6 7. 0-0 Nge7 8. Re1 0-0 9. h4 e5 10. h5 Bg4 11. hxg6 fxg6 12. Nf1 Nd4 13. N1h2 Nxf3+ 14. Bxf3 Rxf3 15. Nxg4 Qf8 16. Nh6+ Bxh6 17. Bxh6 Qf7 18. Bf4 Rxf4 19. gxf4 Qxf4 20. Re3 Rf8 21. Qe2 Nc6 22. c3 Nd8 23. a3 Ne6 24. b4 Ng5 25. Kg2 h5 26. bxc5 h4 27. cxd6 Nf3 28. Qxf3 Qg5+ 29. Kh2 Rxf3 30. Rxf3 Qg4 31. Rh3 Qf4+ 32. Kg2 Qg4+ 33. Kh2 Qf4+ 34. Kg2 Qg5+ 35. Kh2 Qf4+ 36. Kg2 1/2-1/2

[Event "Trebic Highlands op 11th"]
[Site "Trebic"]
[Date "2017.09.28"]
[Round "6"]
[White "Reimer, Karl"]
[Black "Stork, Rostislav"]
[Result "1/2-1/2"]
[WhiteElo "1537"]
[BlackElo "1764"]
[PlyCount "25"]
[EventDate "2017.09.23"]
[EventType "swiss"]
[EventRounds "9"]
[EventCountry "CZE"]
[SourceTitle "EXT 2018"]
[Source "ChessBase"]
[SourceDate "2017.10.13"]
[SourceVersion "1"]
[SourceVersionDate "2017.10.13"]
[SourceQuality "1"]

1. b4 e5 2. Bb2 Bxb4 3. Bxe5 Nf6 4. c4 0-0 5. Nf3 Nc6 6. Bb2 d5 7. cxd5 Nxd5 8. e3 Qd6 9. Be2 Qg6 10. 0-0 Re8 11. d4 Bh3 12. Nh4 Qg5 13. Bf3 1/2-1/2

[Event "Trebic Highlands op 11th"]
[Site "Trebic"]
[Date "2017.09.25"]
[Round "3"]
[White "Stork, Rostislav"]
[Black "Navratil, Jiri"]
[Result "1/2-1/2"]
[WhiteElo "1764"]
[BlackElo "2013"]
[PlyCount "28"]
[EventDate "2017.09.23"]
[EventType "swiss"]
[EventRounds "9"]
[EventCountry "CZE"]
[SourceTitle "EXT 2018"]
[Source "ChessBase"]
[SourceDate "2017.10.13"]
[SourceVersion "1"]
[SourceVersionDate "2017.10.13"]
[SourceQuality "1"]

1. e4 c5 2. Nf3 d6 3. d4 cxd4 4. Nxd4 Nf6 5. Nc3 a6 6. Bc4 Nc6 7. Bb3 Na5 8. Bg5 Nxb3 9. axb3 e6 10. 0-0 Be7 11. Qd3 0-0 12. Kh1 Bd7 13. f4 h6 14. Bh4 Ne8 1/2-1/2

[Event "Trebic Highlands op 11th"]
[Site "Trebic"]
[Date "2017.09.24"]
[Round "2"]
[White "Sebek, Pavel"]
[Black "Stork, Rostislav"]
[Result "0-1"]
[WhiteElo "1487"]
[BlackElo "1764"]
[PlyCount "44"]
[EventDate "2017.09.23"]
[EventType "swiss"]
[EventRounds "9"]
[EventCountry "CZE"]
[SourceTitle "EXT 2018"]
[Source "ChessBase"]
[SourceDate "2017.10.13"]
[SourceVersion "1"]
[SourceVersionDate "2017.10.13"]
[SourceQuality "1"]

1. e4 e5 2. c3 Nf6 3. d3 d5 4. exd5 Qxd5 5. Nf3 Nc6 6. Nbd2 Bf5 7. Qb3 0-0-0 8. d4 exd4 9. Bc4 Re8+ 10. Kf1 Qa5 11. Bxf7 Bd3+ 12. Kg1 Bc5 13. Be6+ Kb8 14. Nc4 Qa6 15. Nce5 Nxe5 16. Nxe5 Rxe6 17. Nxd3 Qxd3 18. Bf4 Rhe8 19. h3 Ne4 20. Rd1 Qe2 21. Rf1 dxc3 22. bxc3 Nxf2 0-1

[Event "Ricany op-A"]
[Site "Ricany"]
[Date "2017.09.02"]
[Round "9"]
[White "Stork, Rostislav"]
[Black "Hadrava, Jaroslav"]
[Result "0-1"]
[WhiteElo "1764"]
[BlackElo "1964"]
[PlyCount "34"]
[EventDate "2017.08.26"]
[EventType "swiss"]
[EventRounds "9"]
[EventCountry "CZE"]
[SourceTitle "CBM 180 Extra"]
[Source "ChessBase"]
[SourceDate "2017.10.06"]
[SourceVersion "1"]
[SourceVersionDate "2017.10.06"]
[SourceQuality "1"]

1. e4 c6 2. d4 d5 3. exd5 cxd5 4. c4 Nf6 5. Nf3 e6 6. Nc3 Be7 7. c5 b6 8. b4 0-0 9. Bd3 a5 10. bxa5 bxc5 11. dxc5 Bxc5 12. 0-0 Rxa5 13. h4 Ba6 14. Ne2 Bxd3 15. Qxd3 Nbd7 16. Nf4 Qa8 17. a3 e5 0-1

[Event "Ricany op-A"]
[Site "Ricany"]
[Date "2017.09.01"]
[Round "8"]
[White "Maslo, Ondrej"]
[Black "Stork, Rostislav"]
[Result "1/2-1/2"]
[WhiteElo "1744"]
[BlackElo "1764"]
[PlyCount "81"]
[EventDate "2017.08.26"]
[EventType "swiss"]
[EventRounds "9"]
[EventCountry "CZE"]
[SourceTitle "CBM 180 Extra"]
[Source "ChessBase"]
[SourceDate "2017.10.06"]
[SourceVersion "1"]
[SourceVersionDate "2017.10.06"]
[SourceQuality "1"]

1. e4 e5 2. Bc4 Nf6 3. d4 Nxe4 4. Nf3 d5 5. Bb3 exd4 6. Nxd4 Bc5 7. 0-0 0-0 8. Bf4 Nc6 9. Nb5 Qf6 10. Be3 d4 11. Nxc7 dxe3 12. Nxa8 Nxf2 13. Qe1 Qxb2 14. Nc3 e2 15. Rxf2 Bg4 16. Nc7 Nd4 17. Rb1 Nxc2 18. Bxc2 Qxc2 19. Rc1 Qd3 20. Nxe2 Bxf2+ 21. Kxf2 Rc8 22. Rc3 Qf5+ 23. Kg3 h5 24. Nd4 Qd7 25. Ncb5 Re8 26. Qf2 h4+ 27. Kxh4 Bd1 28. Qf5 Qe7+ 29. Kg3 Qe1+ 30. Kh3 a6 31. Nf3 Bxf3 32. Rxf3 axb5 33. Qxf7+ Kh8 34. Qh5+ Kg8 35. Qf7+ Kh8 36. Qxb7 Re6 37. Qc8+ Kh7 38. Qc2+ Kg8 39. Qc8+ Kh7 40. Qc2+ Kg8 41. Qc8+ 1/2-1/2

[Event "Ricany op-A"]
[Site "Ricany"]
[Date "2017.08.28"]
[Round "4"]
[White "Grecny, Karol"]
[Black "Stork, Rostislav"]
[Result "0-1"]
[WhiteElo "1926"]
[BlackElo "1764"]
[PlyCount "58"]
[EventDate "2017.08.26"]
[EventType "swiss"]
[EventRounds "9"]
[EventCountry "CZE"]
[SourceTitle "CBM 180 Extra"]
[Source "ChessBase"]
[SourceDate "2017.10.06"]
[SourceVersion "1"]
[SourceVersionDate "2017.10.06"]
[SourceQuality "1"]

1. e4 e5 2. Nf3 Nf6 3. d3 Nc6 4. c3 Be7 5. Be2 0-0 6. 0-0 d5 7. exd5 Qxd5 8. c4 Qd6 9. Bg5 Bg4 10. Nc3 Rad8 11. Bxf6 Bxf6 12. Ne4 Qe6 13. h3 Bxf3 14. Bxf3 Be7 15. Nc3 Qg6 16. Bxc6 bxc6 17. Qe2 Rxd3 18. Qxe5 Bf6 19. Qxc7 Bxc3 20. bxc3 Rxh3 21. Rad1 Rd3 22. Rxd3 Qxd3 23. Qxc6 Qxc3 24. Rd1 Qc2 25. Rd7 Qc1+ 26. Kh2 Qf4+ 27. Kh3 Qf5+ 28. Kg3 Qg5+ 29. Kf3 Qf5+ 0-1

[Event "Ricany op-A"]
[Site "Ricany"]
[Date "2017.08.27"]
[Round "3"]
[White "Vavrinec, Tomas"]
[Black "Stork, Rostislav"]
[Result "1-0"]
[WhiteElo "1960"]
[BlackElo "1764"]
[PlyCount "61"]
[EventDate "2017.08.26"]
[EventType "swiss"]
[EventRounds "9"]
[EventCountry "CZE"]
[SourceTitle "CBM 180 Extra"]
[Source "ChessBase"]
[SourceDate "2017.10.06"]
[SourceVersion "1"]
[SourceVersionDate "2017.10.06"]
[SourceQuality "1"]

1. c4 c5 2. Nc3 Nc6 3. Nf3 g6 4. g3 Bg7 5. Bg2 e5 6. 0-0 Nge7 7. d3 0-0 8. Bg5 h6 9. Bxe7 Nxe7 10. Ne1 f5 11. Nc2 d6 12. Ne3 Rb8 13. Rb1 b6 14. a3 f4 15. Ned5 Nxd5 16. Bxd5+ Kh7 17. b4 Bh3 18. Bg2 Qd7 19. Qa4 Rf7 20. Qxd7 Bxd7 21. Bd5 Rff8 22. Kg2 fxg3 23. hxg3 Rfd8 24. Rb3 Bf8 25. Rfb1 Be7 26. a4 Rbc8 27. a5 cxb4 28. Rxb4 bxa5 29. Rb7 a6 30. Ra7 h5 31. Rbb7 1-0

[Event "CZE-chT2D 1617"]
[Site "Czech Republic"]
[Date "2016.11.27"]
[Round "4.8"]
[White "Stork, Rostislav"]
[Black "Motacek, Vladimir"]
[Result "0-1"]
[WhiteElo "1747"]
[BlackElo "2035"]
[PlyCount "50"]
[EventDate "2016.10.09"]
[EventType "team-tourn"]
[EventRounds "11"]
[EventCountry "CZE"]
[SourceTitle "EXT 2022"]
[Source "ChessBase"]
[SourceDate "2021.10.06"]
[SourceVersion "1"]
[SourceVersionDate "2021.10.06"]
[SourceQuality "1"]
[WhiteTeam "Dalesice Pivovar"]
[BlackTeam "Jihlava Gambit"]
[WhiteTeamCountry "CZE"]
[BlackTeamCountry "CZE"]

1. e4 g6 2. f4 Bg7 3. Nf3 d6 4. Nc3 Bg4 5. Bc4 e6 6. 0-0 c5 7. a4 Ne7 8. Qe1 Bxf3 9. Rxf3 Nbc6 10. Ne2 d5 11. exd5 exd5 12. Bb5 0-0 13. Bxc6 Nxc6 14. Qg3 Re8 15. Re3 Nb4 16. Rb1 Nxc2 17. Rxe8+ Qxe8 18. Qd3 Nd4 19. Kf1 Nxe2 20. Qxe2 Qxa4 21. d3 Re8 22. Qd2 Bd4 23. f5 Qd7 24. g4 Qe7 25. h3 Qh4 0-1

[Event "Ricany op"]
[Site "Ricany"]
[Date "2016.08.31"]
[Round "6"]
[White "Stork, Rostislav"]
[Black "Otrubova, Kristyna"]
[Result "0-1"]
[WhiteElo "1779"]
[BlackElo "1564"]
[PlyCount "46"]
[EventDate "2016.08.27"]
[EventType "swiss"]
[EventRounds "9"]
[EventCountry "CZE"]
[SourceTitle "CBM 174 Extra"]
[Source "ChessBase"]
[SourceDate "2016.10.10"]
[SourceVersion "1"]
[SourceVersionDate "2016.10.10"]
[SourceQuality "1"]

1. e4 c5 2. f4 d5 3. e5 Nc6 4. Bb5 Bd7 5. Bxc6 Bxc6 6. Nf3 e6 7. 0-0 Ne7 8. d3 Qb6 9. Nc3 Nf5 10. Kh1 Be7 11. b3 0-0 12. Qe1 Rac8 13. Ne2 c4 14. d4 cxb3 15. cxb3 Bb5 16. g4 Bxe2 17. Qxe2 Nxd4 18. Qd3 Nc2 19. Rb1 Nb4 20. Qd1 Nxa2 21. Bd2 Nc3 22. Bxc3 Rxc3 23. f5 Qe3 0-1

[Event "Ricany op"]
[Site "Ricany"]
[Date "2015.08.26"]
[Round "6"]
[White "Skala, Jaromir"]
[Black "Stork, Rostislav"]
[Result "1/2-1/2"]
[WhiteElo "1959"]
[BlackElo "1812"]
[PlyCount "67"]
[EventDate "2015.08.22"]
[EventType "swiss"]
[EventRounds "9"]
[EventCountry "CZE"]
[SourceTitle "EXT 2023"]
[Source "ChessBase"]
[SourceDate "2022.10.05"]
[SourceVersion "1"]
[SourceVersionDate "2022.10.05"]
[SourceQuality "1"]

1. d4 d5 2. c4 dxc4 3. e4 Nf6 4. e5 Nd5 5. Bxc4 e6 6. Nc3 Nxc3 7. bxc3 Be7 8. f4 0-0 9. Nf3 b6 10. 0-0 Ba6 11. Bxa6 Nxa6 12. Qd3 Nb8 13. f5 exf5 14. Qxf5 Qd7 15. Qxd7 Nxd7 16. c4 c6 17. a4 h6 18. Bb2 a6 19. Rfc1 Rfd8 20. Kf2 Nf8 21. Ba3 Bxa3 22. Rxa3 b5 23. cxb5 cxb5 24. axb5 axb5 25. Rxa8 Rxa8 26. Rb1 Rb8 27. d5 b4 28. Nd4 Nd7 29. Nc6 Rb5 30. e6 fxe6 31. dxe6 Nc5 32. e7 Kf7 33. Ke3 Nd7 34. Rxb4 1/2-1/2

[Event "Ricany op"]
[Site "Ricany"]
[Date "2015.08.24"]
[Round "4"]
[White "Cermak, Jan1111"]
[Black "Stork, Rostislav"]
[Result "1-0"]
[WhiteElo "1962"]
[BlackElo "1812"]
[PlyCount "71"]
[EventDate "2015.08.22"]
[EventType "swiss"]
[EventRounds "9"]
[EventCountry "CZE"]
[SourceTitle "EXT 2023"]
[Source "ChessBase"]
[SourceDate "2022.10.05"]
[SourceVersion "1"]
[SourceVersionDate "2022.10.05"]
[SourceQuality "1"]

1. d4 d5 2. c4 dxc4 3. e4 e6 4. Bxc4 Nf6 5. Nc3 c5 6. d5 a6 7. a4 Be7 8. Qb3 exd5 9. Nxd5 0-0 10. Nb6 Ra7 11. f3 Nbd7 12. Nxc8 Qxc8 13. Bf4 Nh5 14. Be3 Ne5 15. Be2 Nd7 16. f4 Nhf6 17. e5 Ne8 18. e6 fxe6 19. Qxe6+ Rf7 20. Rd1 Nc7 21. Qh3 Nb6 22. Qxc8+ Nxc8 23. Bc4 b5 24. Bxf7+ Kxf7 25. Nf3 Nb6 26. Ne5+ Ke6 27. Nc6 Ra8 28. Nxe7 Nxa4 29. b3 c4 30. bxa4 Kxe7 31. Bb6 Ne6 32. 0-0 g6 33. Rfe1 Kf6 34. axb5 axb5 35. Rd6 Re8 36. Ba5 1-0

[Event "Ricany op-A"]
[Site "Ricany"]
[Date "2014.08.27"]
[Round "6"]
[White "Stork, Rostislav"]
[Black "Vorsilka, Jiri"]
[Result "1-0"]
[WhiteElo "1807"]
[BlackElo "1691"]
[PlyCount "83"]
[EventDate "2014.08.23"]
[EventType "swiss"]
[EventRounds "9"]
[EventCountry "CZE"]
[SourceTitle "EXT 2015"]
[Source "ChessBase"]
[SourceDate "2014.11.20"]
[SourceVersion "1"]
[SourceVersionDate "2014.11.20"]
[SourceQuality "1"]

1. e4 Nf6 2. e5 Nd5 3. c4 Nb6 4. d4 d6 5. f4 dxe5 6. fxe5 Nc6 7. Be3 Bf5 8. Nc3 e6 9. Nf3 Qd7 10. Be2 0-0-0 11. 0-0 Be7 12. a3 h6 13. b4 g5 14. b5 Na5 15. c5 Nd5 16. Nxd5 Qxd5 17. Qa4 b6 18. cxb6 axb6 19. Nd2 g4 20. Rac1 h5 21. Nc4 Nxc4 22. Rxc4 h4 23. Rfc1 c5 24. bxc6 Qa5 25. Qxa5 bxa5 26. Ra4 Kc7 27. Rxa5 Ra8 28. Bd2 Rhb8 29. a4 Ba3 30. Rxa8 Rxa8 31. Rc4 Ra6 32. Kf2 Rxc6 33. Ke3 Rxc4 34. Bxc4 Kb7 35. Kf4 Bf8 36. Kg5 Be7+ 37. Kh5 f6 38. Be2 fxe5 39. dxe5 g3 40. Bf3+ Ka6 41. h3 Bd3 42. Bg5 1-0

[Event "Ricany op-A"]
[Site "Ricany"]
[Date "2014.08.24"]
[Round "3"]
[White "Stork, Rostislav"]
[Black "Pychova, Nela"]
[Result "1/2-1/2"]
[WhiteElo "1807"]
[BlackElo "2006"]
[PlyCount "48"]
[EventDate "2014.08.23"]
[EventType "swiss"]
[EventRounds "9"]
[EventCountry "CZE"]
[SourceTitle "EXT 2015"]
[Source "ChessBase"]
[SourceDate "2014.11.20"]
[SourceVersion "1"]
[SourceVersionDate "2014.11.20"]
[SourceQuality "1"]

1. e4 c6 2. d4 d5 3. exd5 cxd5 4. c4 Nf6 5. Nf3 Nc6 6. Nc3 e6 7. c5 Be7 8. a3 0-0 9. b4 a6 10. Be2 Qc7 11. 0-0 Rd8 12. g3 b6 13. Bf4 Qb7 14. Na4 Nd7 15. Re1 Bf6 16. cxb6 Nxb6 17. Nc5 Qa7 18. Rc1 Ne7 19. Bd3 Ng6 20. Bg5 Qe7 21. h4 Nd7 22. Qe2 Nb8 23. Kg2 Bxg5 24. hxg5 Bb7 1/2-1/2

[Event "Trebic Highlands op 10th"]
[Site "Trebic"]
[Date "2014.05.20"]
[Round "5"]
[White "Stork, Rostislav"]
[Black "Normann, Oyvind"]
[Result "0-1"]
[WhiteElo "1812"]
[BlackElo "1973"]
[PlyCount "84"]
[EventDate "2014.05.17"]
[EventType "swiss"]
[EventRounds "9"]
[EventCountry "CZE"]
[SourceTitle "CBM 160 Extra"]
[Source "ChessBase"]
[SourceDate "2014.07.01"]
[SourceVersion "1"]
[SourceVersionDate "2014.07.01"]
[SourceQuality "1"]

1. e4 c5 2. f4 d5 3. exd5 Nf6 4. Bb5+ Bd7 5. Bxd7+ Qxd7 6. Nf3 Nxd5 7. 0-0 e6 8. Ne5 Qc7 9. c3 Nc6 10. Nxc6 Qxc6 11. Qg4 Nf6 12. Qf3 Qc7 13. Na3 c4 14. Nc2 Bc5+ 15. Kh1 0-0 16. d4 cxd3 17. Qxd3 Rfd8 18. Qe2 h5 19. Be3 Ng4 20. Bxc5 Qxc5 21. h3 Nf6 22. Nd4 Rd5 23. Rae1 Rad8 24. Rf3 a6 25. Re3 Qb6 26. Qf2 Qc5 27. Re5 b5 28. a3 a5 29. Rxd5 Rxd5 30. Qe2 b4 31. axb4 axb4 32. Nb3 Qd6 33. Qc4 Rd1 34. Rxd1 Qxd1+ 35. Kh2 h4 36. Nd4 Nd5 37. Qe2 Qc1 38. f5 Ne3 39. g4 Nf1+ 40. Kg2 Ng3 41. Qc2 Qf1+ 42. Kh2 Qh1# 0-1